00478nam a22001577a 4500008004100000020002200041040005500063080001700118100002700135245004000162246002100202260005300223300001100276650001600287653001700303230630b |||||||| |||| 00| 0 eng d a978-81-267-2891-6 aNational Science LibrarycNational Science Library a82-31MISbQ5 aMishra, Keshav Prasad  aकोहबर की शर्त aKohbar ki shart  aNew Delhi: bRajkamal Prakashan Pvt. Ltd.,c2015 a135p.  aLiterature  aShort story